[Event "Logumkloster op"]
[Site "Logumkloster"]
[Date "2022.03.22"]
[Round "3"]
[White "Hye, Allan"]
[Black "Kallesen, Jesper"]
[Result "0-1"]
[WhiteElo "2108"]
[BlackElo "1665"]
[PlyCount "80"]
[EventDate "2022.03.22"]
[EventType "swiss"]
[EventRounds "7"]
[EventCountry "DEN"]
[SourceTitle "EXT 2024"]
[Source "ChessBase"]
[SourceDate "2023.10.10"]
[SourceVersion "1"]
[SourceVersionDate "2023.10.10"]
[SourceQuality "1"]

1. d4 f5 2. Nc3 Nf6 3. Bg5 e6 4. e4 fxe4 5. Nxe4 Be7 6. Bxf6 Bxf6 7. Nf3 d5 8. Nxf6+ Qxf6 9. c3 Nc6 10. Bd3 Bd7 11. Qc2 g6 12. 0-0 0-0-0 13. Rfe1 Rhe8 14. Ne5 Nxe5 15. Rxe5 c5 16. Rae1 cxd4 17. cxd4+ Kb8 18. Qd2 Rc8 19. g3 Rf8 20. Bf1 a6 21. Bh3 Rc6 22. f4 Rfc8 23. R1e2 h6 24. Qe3 h5 25. Kg2 Re8 26. Kf2 Qd8 27. Qd3 Qf6 28. Rg5 Rg8 29. Bf1 Rc4 30. Ree5 h4 31. Ke3 hxg3 32. hxg3 Rc1 33. Be2 Bb5 34. Qd2 Bxe2 35. Qxc1 Rc8 36. Qd2 Bb5 37. Qb4 Rc6 38. a4 Bc4 39. Kf2 Qh8 40. Kg2 Bd3 0-1

[Event "Fredericia op"]
[Site "Fredericia"]
[Date "2019.06.01"]
[Round "2"]
[White "Thorsbro, Peter"]
[Black "Hye, Allan"]
[Result "1-0"]
[WhiteElo "2116"]
[BlackElo "2085"]
[PlyCount "91"]
[EventDate "2019.05.31"]
[EventType "swiss"]
[EventRounds "5"]
[EventCountry "DEN"]
[SourceTitle "EXT 2021"]
[Source "ChessBase"]
[SourceDate "2020.10.23"]
[SourceVersion "1"]
[SourceVersionDate "2020.10.23"]
[SourceQuality "1"]

1. d4 d5 2. c4 e6 3. Nc3 Nf6 4. cxd5 exd5 5. Bg5 Be7 6. e3 c6 7. Bd3 Nbd7 8. Nge2 0-0 9. Qc2 Re8 10. 0-0 Nf8 11. Bxf6 Bxf6 12. b4 a6 13. a4 g6 14. b5 Ne6 15. bxc6 bxc6 16. a5 c5 17. Qa2 cxd4 18. Nxd5 Bg7 19. Rad1 Bb7 20. Nb6 Qg5 21. e4 Rad8 22. f4 Qg4 23. Rc1 Kh8 24. h3 Qh5 25. Kh2 f5 26. exf5 Nf8 27. Ng3 Qh4 28. Rc7 Re7 29. Rxe7 Qxe7 30. fxg6 Nxg6 31. Nf5 Qc7 32. Qc4 Qxc4 33. Nxc4 Bf8 34. g3 Bc8 35. Be4 Bb4 36. Rd1 Bc3 37. Nfd6 Kg7 38. f5 Ne5 39. Nxe5 Rxd6 40. Nc4 Rd7 41. g4 Re7 42. Bd3 h6 43. Kg3 Bb7 44. Rb1 Bd5 45. Rb6 Rc7 46. f6+ 1-0

[Event "Vojens Sonderjysk EMT Master"]
[Site "Vojens"]
[Date "2015.06.13"]
[Round "7"]
[White "Murtuzov, Mubariz"]
[Black "Hye, Allan"]
[Result "0-1"]
[WhiteElo "2007"]
[BlackElo "1961"]
[PlyCount "125"]
[EventDate "2015.04.27"]
[EventType "swiss"]
[EventRounds "7"]
[EventCountry "DEN"]
[SourceTitle "EXT 2023"]
[Source "ChessBase"]
[SourceDate "2022.10.05"]
[SourceVersion "1"]
[SourceVersionDate "2022.10.05"]
[SourceQuality "1"]

1. e4 c6 2. d4 d5 3. e5 Bf5 4. Be3 e6 5. c3 Ne7 6. Nd2 Nd7 7. Ngf3 Bg4 8. Qb3 Qc7 9. Bd3 Nf5 10. 0-0 Nxe3 11. fxe3 f6 12. e4 0-0-0 13. exd5 exd5 14. Qa4 Kb8 15. Kh1 Be7 16. Rae1 Rhe8 17. Qc2 fxe5 18. dxe5 Bf8 19. Bf5 Bxf5 20. Qxf5 g6 21. Qg5 Nc5 22. Qe3 Ne6 23. b4 Bg7 24. Nb3 Re7 25. Nbd4 Rde8 26. Re2 a6 27. Rfe1 Rf8 28. Nxe6 Rxe6 29. Qd4 Rf5 30. Kg1 g5 31. a4 Rf4 32. Qe3 h6 33. g3 Rf8 34. b5 g4 35. Nh4 Rxe5 36. Qc5 Rxe2 37. Rxe2 Qf7 38. Re1 Qf6 39. bxa6 Qxc3 40. Qe7 Qb2 41. Qd6+ Ka7 42. Qc5+ Kxa6 43. Rd1 Qb6 44. Qxb6+ Kxb6 45. Ng6 Re8 46. Nf4 d4 47. Rb1+ Kc7 48. Kf2 c5 49. Rc1 Kc6 50. h4 gxh3 51. Nxh3 Be5 52. Ng1 Kd5 53. Nf3 Rf8 54. Ke2 Bxg3 55. Rh1 Re8+ 56. Kd2 c4 57. Rh5+ Ke4 58. Ng1 Bf4+ 59. Ke2 Rf8 60. Kd1 Be5 61. Rh4+ Kd5 62. Rh5 Ke6 63. a5 0-1

[Event "Vojens Sonderjysk EMT Master"]
[Site "Vojens"]
[Date "2015.06.01"]
[Round "5"]
[White "Kjaergaard Jensen, Jesper"]
[Black "Hye, Allan"]
[Result "1-0"]
[WhiteElo "2052"]
[BlackElo "1961"]
[PlyCount "31"]
[EventDate "2015.04.27"]
[EventType "swiss"]
[EventRounds "7"]
[EventCountry "DEN"]
[SourceTitle "EXT 2023"]
[Source "ChessBase"]
[SourceDate "2022.10.05"]
[SourceVersion "1"]
[SourceVersionDate "2022.10.05"]
[SourceQuality "1"]

1. g4 d5 2. Bg2 Bxg4 3. c4 c6 4. cxd5 Nf6 5. dxc6 Nxc6 6. Nc3 a6 7. Bxc6+ bxc6 8. f3 Bh5 9. d4 e6 10. Nh3 Nd5 11. 0-0 Qh4 12. Kg2 g5 13. Nxd5 exd5 14. Qc2 Ra7 15. Qxc6+ Rd7 16. Bxg5 1-0

[Event "Sonderjysk-chA"]
[Site "Haderslev"]
[Date "2013.05.27"]
[Round "4"]
[White "Karstensen, Christian"]
[Black "Hye, Allan"]
[Result "0-1"]
[WhiteElo "1953"]
[BlackElo "2109"]
[PlyCount "46"]
[EventDate "2013.04.29"]
[EventType "tourn"]
[EventRounds "7"]
[EventCountry "DEN"]
[SourceTitle "EXT 2018"]
[Source "ChessBase"]
[SourceDate "2017.10.13"]
[SourceVersion "1"]
[SourceVersionDate "2017.10.13"]
[SourceQuality "1"]

1. e4 c6 2. d4 d5 3. exd5 cxd5 4. Nf3 Nf6 5. Bd3 Bg4 6. Nbd2 Nc6 7. c3 e6 8. Qe2 Bd6 9. h3 Bh5 10. b3 0-0 11. Bb2 e5 12. g4 exd4 13. Kf1 Re8 14. Qd1 dxc3 15. Bxc3 Bg6 16. Bxg6 hxg6 17. Kg2 Qd7 18. Rc1 Bf4 19. Rc2 d4 20. Bb2 Qd5 21. Rc4 b5 22. Rxc6 Qxc6 23. Bxd4 Rad8 0-1

[Event "Sonderjysk EMT A"]
[Site "Sonderborg"]
[Date "2012.03.13"]
[Round "6"]
[White "Fyhn, Karsten"]
[Black "Hye, Allan"]
[Result "0-1"]
[WhiteElo "1800"]
[BlackElo "2004"]
[PlyCount "86"]
[EventDate "2012.01.17"]
[EventType "tourn"]
[EventRounds "7"]
[EventCountry "DEN"]
[SourceTitle "EXT 2023"]
[Source "ChessBase"]
[SourceDate "2022.10.05"]
[SourceVersion "1"]
[SourceVersionDate "2022.10.05"]
[SourceQuality "1"]

1. e4 c6 2. d4 d5 3. exd5 cxd5 4. c4 Nf6 5. Nc3 Nc6 6. Nf3 Bg4 7. cxd5 Nxd5 8. Be2 e6 9. 0-0 Bd6 10. Nxd5 exd5 11. h3 Bh5 12. Qb3 0-0 13. Be3 Re8 14. Rfe1 Bc7 15. Rad1 Qd6 16. g3 Ba5 17. Bd2 Rxe2 18. Rxe2 Bxf3 19. Bf4 Qxf4 20. gxf4 Bxe2 21. Qxb7 Rb8 22. Qxc6 Bxd1 23. Qxd5 Bb6 24. Qe5 Rd8 25. d5 Ba4 26. f5 f6 27. Qe6+ Kh8 28. d6 h6 29. b3 Bc6 30. Kh2 Bxf2 31. Qe7 Bb6 32. Kg3 Kh7 33. Qe6 Re8 34. Qc4 Re3+ 35. Kh2 Bd7 36. Qg4 Re5 37. Qc4 Bxf5 38. Qf7 Re2+ 39. Kg3 Rd2 40. Qe7 Bc5 41. Qe1 Bf2+ 42. Qxf2 Rxf2 43. Kxf2 Bxh3 0-1

[Event "Sonderjysk EMT A"]
[Site "Sonderborg"]
[Date "2012.03.06"]
[Round "5"]
[White "Hye, Allan"]
[Black "Clausen, Hans Jorgen"]
[Result "1-0"]
[WhiteElo "2004"]
[BlackElo "1661"]
[PlyCount "53"]
[EventDate "2012.01.17"]
[EventType "tourn"]
[EventRounds "7"]
[EventCountry "DEN"]
[SourceTitle "EXT 2023"]
[Source "ChessBase"]
[SourceDate "2022.10.05"]
[SourceVersion "1"]
[SourceVersionDate "2022.10.05"]
[SourceQuality "1"]

1. d4 Nf6 2. c4 b6 3. Nf3 Bb7 4. e3 e6 5. Bd3 d6 6. Nc3 Nbd7 7. 0-0 Be7 8. Bd2 c5 9. Rc1 Rc8 10. Qe2 0-0 11. Rfd1 d5 12. cxd5 Nxd5 13. e4 Nxc3 14. Bxc3 cxd4 15. Nxd4 Nc5 16. Bb1 Bg5 17. Nxe6 Qe7 18. Nxf8 Bxc1 19. Rxc1 Qxf8 20. Rd1 Qe7 21. Qg4 Ne6 22. h4 g6 23. a3 h5 24. Qg3 Rd8 25. Rxd8+ Qxd8 26. Qe5 Kh7 27. Ba2 1-0

[Event "Vojens Sonderjysk"]
[Site "Vojens"]
[Date "2011.05.09"]
[Round "2"]
[White "Hye, Allan"]
[Black "Bjornskov, Kai"]
[Result "1-0"]
[WhiteElo "1970"]
[BlackElo "2096"]
[PlyCount "90"]
[EventDate "2011.05.02"]
[EventType "tourn"]
[EventRounds "7"]
[EventCountry "DEN"]
[SourceTitle "EXT 2018"]
[Source "ChessBase"]
[SourceDate "2017.10.13"]
[SourceVersion "1"]
[SourceVersionDate "2017.10.13"]
[SourceQuality "1"]

1. d4 Nf6 2. Nf3 g6 3. Nc3 Bg7 4. e4 d6 5. Be3 0-0 6. Qd2 Nbd7 7. h3 a6 8. Bh6 b5 9. e5 Ne8 10. 0-0-0 Bb7 11. h4 e6 12. h5 Bxf3 13. gxf3 Qe7 14. Bg5 f6 15. exf6 Bxf6 16. Bh6 Bg7 17. hxg6 hxg6 18. Bd3 Rf6 19. Bg5 Nf8 20. Rdg1 Qf7 21. Bxf6 Nxf6 22. Qg5 Nh5 23. Bxg6 Qf4+ 24. Kb1 Qxg5 25. Rxg5 Nxg6 26. Rxg6 Kf7 27. Rg5 Nf6 28. Ne4 Nxe4 29. fxe4 Bxd4 30. f4 Rh8 31. Rxh8 Bxh8 32. a4 c6 33. c4 Bf6 34. cxb5 axb5 35. a5 Bd4 36. Rh5 Kg7 37. Kc2 Kg6 38. Rh8 Bxh8 39. e5 dxe5 40. a6 exf4 41. a7 f3 42. a8Q f2 43. Qe8+ Kg5 44. Qg8+ Kf4 45. Qxh8 Kg3 1-0